Anne Rice Bibliography - Statistics

General Stats
  • This quiz has been taken 32 times
    27 since last reset
  • The average score is 15 of 38
Answer Stats
Type Year Name % Correct
Novel 1976 Interview with the Vampire
100%
Novel 1985 The Vampire Lestat
100%
Novel 1988 The Queen of the Damned
96%
Novel 1998 The Vampire Armand
75%
Novel 2014 Prince Lestat
67%
Novel 1993 Lasher
54%
Novel 1998 Pandora
54%
Novel 2001 Blood and Gold
50%
Novel 1995 Memnoch the Devil
50%
Novel 2000 Merrick
50%
Novel 2003 Blood Canticle
46%
Novel 1994 Taltos
46%
Novel 1990 The Witching Hour
46%
Novel 1999 Vittorio the Vampire
46%
Novel 2002 Blackwood Farm
42%
Novel 1989 The Mummy, or Ramses the Damned
42%
Novel 2005 Christ the Lord: Out of Egypt
38%
Novel 2017 Ramses the Damned: The Passion of Cleopatra
38%
Novel 1997 Violin
38%
Novel 1982 Cry to Heaven
33%
Novel 2016 Prince Lestat and the Realms of Atlantis
29%
Novel 1979 The Feast of All Saints
29%
Novel 1992 The Tale of the Body Thief
29%
Novel 2018 Blood Communion: A Tale of Prince Lestat
25%
Novel 2008 Christ the Lord: The Road to Cana
25%
Novel 1984 Beauty's Punishment
21%
Novel 1985 Beauty's Release
21%
Novel 1986 Belinda
21%
Novel 1985 Exit to Eden
21%
Novel 1996 Servant of the Bones
21%
Novel 2012 The Wolf Gift
21%
Novel 2009 Angel Time
17%
Novel 2015 Beauty's Kingdom
17%
Novel 2010 Of Love and Evil
17%
Novel 2022 Ramses the Damned: The Reign of Osiris
17%
Novel 1983 The Claiming of Sleeping Beauty
17%
Novel 2013 The Wolves of Midwinter
17%
Non-Fiction Book 2008 Called Out of Darkness: A Spiritual Confession
8%
No matching quizzes found
Score Distribution
Percent of People with Each Score
Percentile by Number Answered
Your Score History
You have not taken this quiz since the last reset